Guess the Taylor Swift Song (Speak Now TV) 7 - Statistics

General Stats
  • This quiz has been taken 13 times
  • The average score is 323 of 405
Answer Stats
Answer % Correct
a
100%
And
100%
and
100%
I
100%
me
100%
on
100%
the
100%
You,
100%
you
100%
You
100%
your
100%
are
90%
be
90%
But
90%
down
90%
ever
90%
from
90%
I'm
90%
in
90%
is
90%
know
90%
like
90%
my
90%
so
90%
that
90%
up
90%
what
90%
again
80%
against
80%
all
80%
All
80%
can
80%
cause
80%
Cause
80%
don't
80%
gonna
80%
Got
80%
got
80%
gotta
80%
if
80%
I'll
80%
liar,
80%
old
80%
one
80%
out
80%
out,
80%
see
80%
use
80%
Why
80%
(Why
80%
with
80%
With
80%
you're
80%
big
70%
can't
70%
city
70%
enough
70%
have
70%
hit
70%
knives
70%
living
70%
man
70%
mean
70%
mean?
70%
mean,
70%
mean?)
70%
never
70%
nothing
70%
now
70%
off
70%
sing
70%
Someday,
70%
someday,
70%
them
70%
things
70%
to
70%
walk
70%
when
70%
words
70%
yeah
70%
about
60%
alone
60%
As
60%
Drunk
60%
feel
60%
feeling
60%
feet
60%
football
60%
game
60%
head
60%
how
60%
just
60%
knocked
60%
life
60%
loud
60%
over
60%
right
60%
same
60%
take
60%
Talking
60%
already
50%
bar
50%
bet
50%
bitter
50%
cold
50%
flaws
50%
humiliation
50%
impress
50%
lead
50%
listening
50%
made
50%
nobody's
50%
okay
50%
opinion
50%
pathetic,
50%
picking
50%
pointed
50%
Somebody
50%
wanna
50%
weaker
50%
weapons
50%
Well,
50%
years
50%
around
40%
block
40%
blow
40%
Calling
40%
chalkboard
40%
cycle
40%
ends
40%
grumbling
40%
lies
40%
nails
40%
pushed
40%
ranting
40%
road
40%
sides
40%
single
40%
switching
40%
swords
40%
Trying
40%
voice
40%
Washed
40%
wildfire
40%
wounded
40%
No matching quizzes found
Score Distribution
Percent of People with Each Score
Percentile by Number Answered
Your Score History
You have not taken this quiz